000 01030nam a2200325I 4500
001 16258
003 BD-RjUL
005 20211209000003.0
008 740430s1981 ilua 001 0 eng u
020 _a0256022224
035 _a(BD-RjUL)16313
035 _a(OCoLC)00872436
035 _aGLIS00001955
040 _cOSU
_dm.c.
_dMYG
_dBD-RjUL
_aMCM
_beng
041 _aeng
082 _a658.4
_bBUP 1981
090 _aTS155
_b.B8
099 _aTS155.B8
100 1 _aBuffa, Elwood Spencer,
_d1923-
_945750
245 1 0 _aProgrammed learning aid for production and operations management
_cElwood S. Buffa; coordinating editor Roger H. Hermanson.
250 _aRev. ed.
260 _aHomewood, Ill. :
_bLearning Systems Co.,
_cc1981.
300 _axi, 208 p. :
_bill. ;
_c26 cm.
490 1 _aIrwin programmed learning aid series.
650 0 _aIndustrial management.
_950279
650 0 _aProduction management.
_950280
700 1 _aHermanson, Roger H.
_947370
830 0 _aIrwin PLAID series.
_950281
942 _2ddc
_cBK
999 _c16258
_d16258